Statistics for Chadwick Boseman Filmography

Click here to take the quiz!

General Stats

  • This quiz has been taken 5 times
    (3 since last reset)
  • The average score is 5 of 31

Answer Stats

Type Year Name % Correct
Film2018Black Panther
100%
Film2019Avengers: Endgame
67%
Film2018Avengers: Infinity War
67%
Film2016Captain America: Civil War
67%
Film201342
33%
Film201921 Bridges
33%
Film2017Marshall
33%
Film2014Get on Up
33%
Film2014Draft Day
33%
TV Show2003All My Children
0%
FilmTBADa 5 Bloods
0%
Web Series2021What If...?
0%
TV Show2018Saturday Night Live
0%
Film2016Message from the King
0%
Film2016Gods of Egypt
0%
Film2012The Kill Hole
0%
TV Show2003Third Watch
0%
TV Show2011Justified
0%
TV Show2011Detroit 1-8-7
0%
TV Show2011Fringe
0%
TV Show2011Castle
0%
TV Show2010The Glades
0%
TV Show2010Persons Unknown
0%
TV Show2009Lie to me*
0%
TV Show2008-2009Lincoln Heights
0%
TV Show2008Cold Case
0%
TV Show2008ER
0%
Film2008The Express
0%
TV Show2006CSI: NY
0%
TV Show2004Law & Order
0%
FilmTBAMa Rainey's Black Bottom
0%

Score Distribution

Percentile by Number Answered

Percent of People with Each Score

Your Score History

You have not taken this quiz since the last reset